000 00288nam a22001337a 4500
008 181001b xxu||||| |||| 00| 0 eng d
020 _a9780471293286
041 _aeng
080 _a941
100 _a16
101 _aHIS
245 _aLandscapes History
_cPregill.P
942 _2udc
_cBK
999 _c48720
_d48720